LEADER 01166nam0-2200337---450- 001 990009703120403321 005 20130326122846.0 035 $a000970312 035 $aFED01000970312 035 $a(Aleph)000970312FED01 035 $a000970312 100 $a20130326f19601969km-y0itay50------ba 101 0 $aita 102 $aIT 105 $aa-------001yy 200 1 $aGuida con ricostruzioni del centro monumentale di Roma antica$f[consulenza archeologica di L. Cozza$gtesti di L. Cozza, R. A. Staccioli$gdisegni di Marcello Confetti ... et al.] 210 $aRoma$cVision$d[196.] 215 $a52 p.$cill.$d11x16 cm 300 $aCon fogli di sovrapposizione per dare precisa ed esatta visione dei monumenti come erano e come sono 512 1 $aRoma come era e come è 610 0 $aRoma$aGuide 702 1$aCozza,$bLucos$f<1921-2011> 702 1$aStaccioli,$bRomolo Augusto 702 1$aConfetti,$bMarcello 801 0$aIT$bUNINA$gRICA$2UNIMARC 901 $aBK 912 $a990009703120403321 952 $a04.080$b4580$fDARST 959 $aDARST 996 $aGuida con ricostruzioni del centro monumentale di Roma antica$9844310 997 $aUNINA